Welcome to the Holygrace Academy Library

Please use search bar below to get started

MICROORGANISMS (Record no. 1373)

MARC details
000 -LEADER
fixed length control field 00577nam a22001577a 4500
020 ## - INTERNATIONAL STANDARD BOOK NUMBER
ISBN 81-261-1392-8
082 ## - DEWEY DECIMAL CLASSIFICATION NUMBER
Classification number 519
Item number RAJ/M
100 ## - MAIN ENTRY--AUTHOR NAME
Personal name SUNDARA RAJAN, S
245 ## - TITLE STATEMENT
Title MICROORGANISMS
250 ## - EDITION STATEMENT
Edition statement FIRST EDITION
260 ## - PUBLICATION, DISTRIBUTION, ETC. (IMPRINT)
Place of publication DELHI
Name of publisher ANMOL PUBLICATIONS PVT LTD
Year of publication 2003
300 ## - PHYSICAL DESCRIPTION
Number of Pages 308
520 ## - SUMMARY, ETC.
Summary, etc THE BOOK IN ITS 12 CHAPTERS PROVIDES A GENERAL SURVEY OF ALL GROUPS OF MICROBES SUCHA AS VIRUSES, MYCOPLASMA, PROTOZOA ETC. TEXT FOR STUDENTS OF LIFE SCIENCE, PHARMACY, AGRICULTURE AT THE GRADUATE AND POST GRADUATE LEVEL
650 ## - SUBJECT ADDED ENTRY--TOPICAL TERM
Topical Term BIOLOGY REFERENCE
Geographic subdivision INDIA
942 ## - ADDED ENTRY ELEMENTS (KOHA)
Koha item type Books
Holdings
Withdrawn status Lost status Collection code Home library Current library Shelving location Date acquired Source of acquisition Cost, normal purchase price Full call number Accession Number Koha item type
    Reference Main Library Main Library SHELF-5 D REFERENCEBIOLOGY 31/03/2006 purchase 200.00 519 RAJ/M 02302 Books